A practical English grammar programmed workbook / (Record no. 51478)
[ view plain ]
| 000 -LEADER | |
|---|---|
| fixed length control field | 00725nam a22002297a 4500 |
| 001 - CONTROL NUMBER | |
| control field | 51478 |
| 003 - CONTROL NUMBER IDENTIFIER | |
| rucl marc code | BD-RjUL |
| 005 - DATE AND TIME OF LATEST TRANSACTION | |
| control field | 20211209075651.0 |
| 008 - FIXED-LENGTH DATA ELEMENTS--GENERAL INFORMATION | |
| fixed length control field | 160831s1968 enk||||| |||| 00| 0 eng d |
| 035 ## - SYSTEM CONTROL NUMBER | |
| System control number | (BD-RjUL) 51598 |
| 040 ## - CATALOGING SOURCE | |
| Original cataloging agency | BD-RjUL |
| Language of cataloging | eng |
| Transcribing agency | BD-RjUL |
| 041 ## - LANGUAGE CODE | |
| Language code of text/sound track or separate title | eng |
| 082 ## - DEWEY DECIMAL CLASSIFICATION NUMBER | |
| Edition number | 23 |
| Classification number | 428.5 |
| Author mark and year | PRA 1968 |
| 100 ## - MAIN ENTRY--PERSONAL NAME | |
| 9 (RLIN) | 153943 |
| 245 12 - TITLE STATEMENT | |
| Title | A practical English grammar programmed workbook / |
| Statement of responsibility, etc. | English Language Services. |
| 260 ## - PUBLICATION, DISTRIBUTION, ETC. (IMPRINT) | |
| Place of publication, distribution, etc. | London : |
| Name of publisher, distributor, etc. | Collier-macmillan, |
| Date of publication, distribution, etc. | 1968 |
| 300 ## - PHYSICAL DESCRIPTION | |
| Pagination | 152 p. : |
| Illustrations | ill. ; |
| Size | 27 cm. |
| 490 ## - SERIES STATEMENT | |
| Series statement | Collier-Macmillan English program |
| 650 ## - SUBJECT ADDED ENTRY--TOPICAL TERM | |
| Topical term or geographic name as entry element | English language |
| Form subdivision | Grammar. |
| 9 (RLIN) | 153944 |
| 856 ## - ELECTRONIC LOCATION AND ACCESS | |
| Materials specified | Collier-Macmillan English program |
| 942 ## - ADDED ENTRY ELEMENTS (KOHA) | |
| Source of classification or shelving scheme | Dewey Decimal Classification |
| Koha item type | Books |
| Lost status | Source of classification or shelving scheme | Damaged status | Not for loan | Collection code | Permanent Location | Current Location | Shelving location | Date acquired | Source of acquisition | Total Checkouts | Full call number | Date last seen | Copy number | Koha item type |
|---|---|---|---|---|---|---|---|---|---|---|---|---|---|---|
| Dewey Decimal Classification | Non-fiction | Central Library, University of Rajshahi | Central Library, University of Rajshahi | 20/10/1984 | USIS | 428.5 PRA 1968 | 31/08/2016 | C-2 | Books |